Disney . Lettre J - Statistiques

Statistiques générales
  • Ce quiz a été pris 456 fois
  • Le résultat moyen est 14 sur 20
Statistiques - réponses
Question Réponce % Correct
Couleur de la robe de Belle lorsqu'elle danse avec la Bête Jaune
100%
Une des émotions de Vice Versa Joie
98%
Lieu où vit Mowgli Jungle
97%
Princesse amoureuse d'un voleur Jasmine
96%
Nain toujours de bonne humeur Joyeux
96%
Prénom de l'amoureuse de Tarzan Jane
94%
Grand méchant qui se rêve vizir Jafar
92%
Un des demi-soeur de Cendrillon Javotte
90%
Prénom de l'amoureux de Pocahontas John
89%
Héroïne de Zootopie Judy
72%
Petit dernier des indestructibles Jack Jack
71%
Musique de prédilection du personnage cité juste au dessus Jazz
71%
Un des enfants Darling Jean
71%
Cowgirl amie de Woody Jessy
68%
Dans Basil détéctive privé, le père d'Olivia en fabrique Jouet
46%
Personnage principal dans " Soul " Joe
37%
Prénom du héros de La planète au trésor Jim
36%
Retrouvez le mot de la chanson " C'est la Fête " : J'ai la côte pour ..... , Avec mes potes chandeliers Jongler
34%
Crevette marine au prénom et à l'accent français, enfermé dans un aquarium Jacques
23%
Vieux bouc bougon de " La ferme se rebelle " Jeb
7%
Aucun quiz correspondant
Distribution des résultats
% des personnes avec chaque résultat
Percentile par nombre de réponses
Votre historique - résultats
Vous n’avez pas pris ce quiz